Atomic energy-level and Grotrian diagrams. (Record no. 144484)
[ view plain ]
| 000 -LEADER | |
|---|---|
| fixed length control field | 00974nam a2200301Ka 4500 |
| 001 - CONTROL NUMBER | |
| control field | ocm37187959 |
| 003 - CONTROL NUMBER IDENTIFIER | |
| control field | 0 |
| 005 - DATE AND TIME OF LATEST TRANSACTION | |
| control field | 20230123133211.0 |
| 008 - FIXED-LENGTH DATA ELEMENTS--GENERAL INFORMATION | |
| fixed length control field | 970625s1981 ne a b 000 0 eng d |
| 010 ## - LIBRARY OF CONGRESS CONTROL NUMBER | |
| LC control number | 74025897 |
| 020 ## - INTERNATIONAL STANDARD BOOK NUMBER | |
| International Standard Book Number | 0444860061 |
| 035 ## - SYSTEM CONTROL NUMBER | |
| System control number | $BH130 |
| 040 ## - CATALOGING SOURCE | |
| Original cataloging agency | FKB |
| Language of cataloging | fre |
| Transcribing agency | NUST |
| 049 ## - LOCAL HOLDINGS (OCLC) | |
| Holding library | MAIN |
| 090 ## - LOCALLY ASSIGNED LC-TYPE CALL NUMBER (OCLC); LOCAL CALL NUMBER (RLIN) | |
| Classification number (OCLC) (R) ; Classification number, CALL (RLIN) (NR) | QC454.A8 |
| 100 1# - MAIN ENTRY--PERSONAL NAME | |
| Personal name | Bashkin, Stanley. |
| 245 10 - TITLE STATEMENT | |
| Title | Atomic energy-level and Grotrian diagrams. |
| Number of part/section of a work | v. III, |
| Name of part/section of a work | Vanadium I-Chromium XXIV / |
| Statement of responsibility, etc. | Stanley Bashkin and John O. Stoner, Jr. |
| 260 ## - PUBLICATION, DISTRIBUTION, ETC. | |
| Place of publication, distribution, etc. | Amsterdam : |
| Name of publisher, distributor, etc. | North-Holland Pub. Co., |
| Date of publication, distribution, etc. | 1981 |
| 300 ## - PHYSICAL DESCRIPTION | |
| Extent | xvi, 549 p. : |
| Other physical details | ill. ; |
| Dimensions | 30 cm. |
| 504 ## - BIBLIOGRAPHY, ETC. NOTE | |
| Bibliography, etc. note | Includes bibliographies. |
| 650 #0 - SUBJECT ADDED ENTRY--TOPICAL TERM | |
| Topical term or geographic name entry element | Atomic spectroscopy |
| General subdivision | Charts, diagrams, etc. |
| 650 #0 - SUBJECT ADDED ENTRY--TOPICAL TERM | |
| Topical term or geographic name entry element | Energy levels (Quantum mechanics) |
| General subdivision | Charts, diagrams, etc. |
| 650 #0 - SUBJECT ADDED ENTRY--TOPICAL TERM | |
| Topical term or geographic name entry element | Grotrian diagrams. |
| 700 1# - ADDED ENTRY--PERSONAL NAME | |
| Personal name | Stoner, John O., |
| Relator term | joint author. |
| 907 ## - LOCAL DATA ELEMENT G, LDG (RLIN) | |
| a | .b10043202 |
| b | 17-04-03 |
| c | 17-04-03 |
| 994 ## - | |
| -- | 92 |
| -- | ZNA |
| 942 ## - ADDED ENTRY ELEMENTS (KOHA) | |
| Koha item type | Ordinary Loan Books |
| Call number prefix | QC454.A8 |
| Date last seen | Total Checkouts | Full call number | Barcode | Cost, replacement price | Price effective from | Koha item type | Lost status | Source of classification or shelving scheme | Damaged status | Not for loan | Collection | Withdrawn status | Home library | Current library | Shelving location | Date acquired | Cost, normal purchase price |
|---|---|---|---|---|---|---|---|---|---|---|---|---|---|---|---|---|---|
| 01/23/2023 | QC454.A8 BAS | 92003018957 | 80.00 | 01/23/2023 | BOOKS | LCC | NFIC | MAIN | MAIN | GEN | 01/23/2023 | 80.00 |